MARC

LEADER 00000nam0a2200000 4500
001 212779
005 20231031192947.0
035 |a (RuTPU)RU\TPU\book\232459 
090 |a 212779 
100 |a 20120402d1961 m y0rusy50 ca 
101 0 |a rus 
102 |a RU 
105 |a a z 000zy 
200 1 |a Аккумуляторы  |f И. Г. Куликов 
205 |a 2-е изд., испр. и доп. 
210 |a Москва  |c Воениздат  |d 1961 
215 |a 151 с.  |c ил. 
610 1 |a аккумуляторы 
610 1 |a химические источники тока 
610 1 |a устройства 
610 1 |a зарядные устройства 
610 1 |a эксплуатация 
610 1 |a обслуживание 
610 1 |a неисправности 
610 1 |a ремонт 
610 1 |a уход 
675 |a 621.355  |v 3 
700 1 |a Куликов  |b И. Г.  |g Иван Георгиевич 
801 1 |a RU  |b 63413507  |c 20120402 
801 2 |a RU  |b 63413507  |c 20121126  |g RCR 
942 |c BK